000 00991nam a2200217Ia 4500
003 IN-BaIIA
008 211028s9999 xx 000 0 eng d
020 _a978-0-7354-0558-5
040 _cIIA Library
080 _a524.6(082.1)
_bTHE
111 _aConference on the Evolution of Galaxies Through the Neutral Hydrogen Window
_cArecibo Observatory
_d2008 Feb. 1-3
_932542
245 4 _aThe Evolution of Galaxies through the neutral hydrogen window
_bproceedings of the Conference on the Evolution of Galaxies through the neutral hydrogen window, held in Arecibo Observatory, Puerto Rico, 1 - 3 February, 2008
_cedited by Robert Minchin and Emmanuel Momjian.
260 _aMelville
_bAmerican Institute of Physics
_c2008
300 _a[various pagings.]
650 _aCosmology-Congresses
_930162
650 _aGalaxies-Congresses
_914448
650 _aStar formation-Congresses
_925094
700 _aMinchin, Robert., ed.
_932543
700 _aMomjian, Emmanuel., ed.
_932544
942 _cBK
999 _c17265
_d17265